Statistics for Superbowl Starting QBs

Click here to take the quiz!

General Stats

  • This quiz has been taken 106 times
    (77 since last reset)
  • The average score is 28 of 66

Answer Stats

StartsQB% Correct
10Tom Brady
100%
2Eli Manning
92%
4Peyton Manning
92%
2Patrick Mahomes
86%
4Joe Montana
83%
2Russell Wilson
81%
1Aaron Rodgers
79%
Ben Roethlisberger
73%
3Ben Roethlisberger
73%
3Kurt Warner
68%
1Nick Foles
67%
2Brett Favre
65%
1Steve Young
65%
Matthew Stafford
63%
3Troy Aikman
63%
1Dan Marino
60%
1Drew Brees
60%
1Joe Flacco
60%
5John Elway
59%
1Matt Ryan
57%
4Terry Bradshaw
57%
2Bart Starr
56%
1Cam Newton
56%
4Jim Kelly
54%
Joe Burrow
52%
1Jimmy Garoppolo
51%
1Joe Namath
49%
1Johnny Unitas
49%
1Jared Goff
48%
4Roger Staubach
44%
1Doug Williams
43%
1Colin Kaepernick
40%
1Brad Johnson
38%
2Len Dawson
37%
1Donovan McNabb
35%
3Bob Griese
32%
1Fran Tarkenton
32%
1Phil Simms
32%
1Drew Bledsoe
30%
1Jim McMahon
30%
1Ken Stabler
30%
2Joe Theismann
29%
1Trent Dilfer
29%
1Steve McNair
27%
1Jake Delhomme
25%
1Jeff Hostetler
25%
1Rich Gannon
24%
1Boomer Esiason
22%
2Craig Morton
21%
1Ken Anderson
21%
1Matt Hasselbeck
21%
2Jim Plunkett
19%
1Rex Grossman
19%
1Mark Rypien
17%
1Kerry Collins
14%
1Ron Jaworski
14%
1Earl Morrall
13%
1Chris Chandler
11%
1Neil O'Donnell
11%
1Billy Kilmer
8%
1David Woodley
8%
1Joe Kapp
8%
1Stan Humphries
8%
1Vince Ferragamo
8%
1Daryle Lamonica
6%
1Tony Eason
6%

Score Distribution

Percentile by Number Answered

Percent of People with Each Score

Your Score History

You have not taken this quiz since the last reset